Genética en acuicultura

Kaydedildi:
Detaylı Bibliyografya
Asıl Yazarlar: Espinosa de los Monteros, J (Yazar), Laborta, U (Yazar)
Müşterek Yazar: Comisión Asesora de Investigación Científica y Técnica, España (Yazar)
Materyal Türü: Kitap
Dil:İspanyolca
Baskı/Yayın Bilgisi: Madrid CAYCIT 1987
Konular:
Etiketler: Etiketle
Etiket eklenmemiş, İlk siz ekleyin!

MARC

LEADER 00000nam a2200000 a 4500
001 UCV4887
003 CL-VaPUC
008 900912e19870000SP |||||||||||||||||spa|d
082 0 4 |a 639.3  |b ESP  |2 21 
100 0 |a Espinosa de los Monteros, J  |e author  |9 299061 
700 0 |a Laborta, U  |e author  |9 299062 
110 2 |a Comisión Asesora de Investigación Científica y Técnica, España  |e author  |9 299063 
245 1 0 |a Genética en acuicultura 
300 |a 274 p 
942 |c BK 
945 |d 19900912 00:00:00 
260 |a Madrid  |b CAYCIT  |c 1987 
650 0 |a Acuicultura  |9 258883 
650 7 |a GENETICA ANIMAL  |2 CL-VaPUC  |9 261227 
583 |a last modification  |c 19900912 00:00:00  |k Rodrigo Vera 
999 |c 211526  |d 211524 
952 |0 0  |1 0  |4 0  |6 639_300000000000000_ESP_1987  |7 0  |8 CCM  |9 191082  |a BIBCUR  |b BIBCUR  |d 2019-11-14  |i 2587068  |o 639.3 ESP 1987  |p 2587068  |r 2025-04-22  |w 2019-11-14  |y BK_R  |k CIM 
952 |0 0  |1 0  |4 0  |6 639_300000000000000_ESP_1987  |7 0  |8 CCM  |9 191083  |a BIBCUR  |b BIBCUR  |d 2019-11-14  |i 3895327  |o 639.3 ESP 1987  |p 3895327  |r 2025-04-22  |w 2019-11-14  |y BK_R  |k CIM